Transportation and traffic engineering handbook / (Record no. 528112)

000 -LEADER
fixed length control field 01043cam a2200289 i 4500
001 - CONTROL NUMBER
control field 1270959
003 - CONTROL NUMBER IDENTIFIER
control field NUST
005 - DATE AND TIME OF LATEST TRANSACTION
control field 20190829045127.0
008 - FIXED-LENGTH DATA ELEMENTS--GENERAL INFORMATION
fixed length control field 750227r19761941njua b 001 0 eng
010 ## - LIBRARY OF CONGRESS CONTROL NUMBER
LC control number 75006534
020 ## - INTERNATIONAL STANDARD BOOK NUMBER
International Standard Book Number 0139305785
038 ## - RECORD CONTENT LICENSOR
Staff Name M.Ramzan
040 ## - CATALOGING SOURCE
Original cataloging agency DLC
Transcribing agency DLC
Modifying agency DLC
050 00 - LIBRARY OF CONGRESS CALL NUMBER
Classification number HE333
Item number .T68 1976
082 00 - DEWEY DECIMAL CLASSIFICATION NUMBER
Classification number 388.31
Edition number 19
Author Mark BAE
245 00 - TITLE STATEMENT
Title Transportation and traffic engineering handbook /
Statement of responsibility, etc. Institute of Traffic Engineers ; John E. Baerwald, editor, associate editors, Matthew J. Huber, Louis E. Keefer.
260 ## - PUBLICATION, DISTRIBUTION, ETC.
Place of publication, distribution, etc. Englewood Cliffs, N.J. :
Name of publisher, distributor, etc. Prentice-Hall,
Date of publication, distribution, etc. c1976.
300 ## - PHYSICAL DESCRIPTION
Extent viii, 1080 p. :
Other physical details ill. ;
Dimensions 24 cm.
500 ## - GENERAL NOTE
General note Published 1941-65 under title: Traffic engineering handbook.
504 ## - BIBLIOGRAPHY, ETC. NOTE
Bibliography, etc. note Includes bibliographies and index.
650 #0 - SUBJECT ADDED ENTRY--TOPICAL TERM
Topical term or geographic name entry element Traffic engineering.
9 (RLIN) 394
650 #0 - SUBJECT ADDED ENTRY--TOPICAL TERM
Topical term or geographic name entry element Transportation.
9 (RLIN) 13117
700 1# - ADDED ENTRY--PERSONAL NAME
Personal name Baerwald, John Edward,
Dates associated with a name 1925-
9 (RLIN) 19687
710 2# - ADDED ENTRY--CORPORATE NAME
Corporate name or jurisdiction name as entry element Institute of Traffic Engineers.
9 (RLIN) 19574
906 ## - LOCAL DATA ELEMENT F, LDF (RLIN)
a 7
b cbc
c orignew
d 1
e ocip
f 19
g y-gencatlg
942 ## - ADDED ENTRY ELEMENTS (KOHA)
Source of classification or shelving scheme
Koha item type Book
Holdings
Withdrawn status Lost status Source of classification or shelving scheme Damaged status Not for loan Permanent Location Current Location Date acquired Total Checkouts Full call number Barcode Checked out Date last seen Date last checked out Price effective from Koha item type
          School of Civil and Environmental Engineering (SCEE) School of Civil and Environmental Engineering (SCEE) 08/29/2019 1 388.31 BAE NIT-10237 08/25/2021 04/27/2021 04/27/2021 08/29/2019 Book
© 2023 Central Library, National University of Sciences and Technology. All Rights Reserved.